| 000 | 00481pam a2200193 a 4500 | ||
|---|---|---|---|
| 020 | _a0256246262 | ||
| 040 | _cDLC | ||
| 082 | 0 | 0 | _a332 LRW 1999 A064 Or. |
| 100 | 1 | _aBodie, Zvi. | |
| 245 | 1 | 0 | _aInvestments / |
| 250 | _a4th ed. | ||
| 260 |
_aBoston : _bIrwin/McGraw-Hill, _cc1999. |
||
| 300 |
_axxiii, 967 p. : _bill. (some col.) ; _c26 cm. |
||
| 650 | 0 | _aInvestments. | |
| 650 | 0 | _aPortfolio management. | |
| 700 | 1 | _aKane, Alex, | |
| 700 | 1 | _aMarcus, Alan J. | |
| 942 | _cEK | ||
| 999 |
_c14069 _d14069 |
||